000 00484nam a2200181Ia 4500
005 20250508151457.0
008 008 250505s9999 xx 000 0 hin d
037 _aTextual
040 _aFEDL
_beng
_cFEDL
041 _ahin
_2eng
084 _a153.12, PHI
_qFEDL
100 _aPhilip Howard L.
_9759234
245 0 _aSmran shakti
260 _aDelhi, India
_bRajkamal Parkashan
_c1949
300 _a47p.
942 _cTEXL
_h153.12, PHI
999 _c1330069
_d1330069